banner-ar

دراسة مقارنة لتقنيات الاداء على الة البيانو من خلال مؤلفات بوزونى وشوستاكوفيتش ومدى الاستفادة منها للطالب المبتدئ / (Record no. 65149)

MARC details
000 -الفاتح
حقل البيانات ثابتة الطول 00968nam a22002057a 4500
005 - وقت وتاريخ اخر تعامل مع التسجيلة
رقم الضبط 20240530110809.0
008 - عناصر البيانات ثابتة الطول - معلومات عامة
حقل البيانات ثابتة الطول 190115s2007 ua a f 000 0 ara d
017 ## - رقم الايداع القانونى
المصدر ( الهيئة المختصة) مصر. دار الكتب
040 ## - مصدر الفهرسة
وكالة الفهرسة الأصلية EG-CaGPL
وكالة النسخ EG-CaGPL
082 04 - رقم تصنيف ديوى العشرى
رقم الطبعة 21
رقم التصنيف 786.2 /
رقم المادة هـ د
100 0# - المدخل الرئيسى - إسم شخصى
الإسم الشخصى هناء فؤاد على عبدالرحمن
245 10 - بيان العنوان
العنوان دراسة مقارنة لتقنيات الاداء على الة البيانو من خلال مؤلفات بوزونى وشوستاكوفيتش ومدى الاستفادة منها للطالب المبتدئ /
بيان المسئوليه,etc هناء فؤاد على عبدالرحمن ؛ اشراف فاطمة محمد البهنساوى ، ابراهيم على ابراهيم ، نهير محمد عبدالقادر
250 ## - بيان الطبعة
بيان الطبعة ط.1
260 ## - PUBLICATION, DISTRIBUTION, ETC. (IMPRINT)
تاريخ النشر أو التوزيع 2008.
300 ## - الوصف المادى
التعداد 221 ص. :
تفاصيل ماديه اخرى للوعاء ايض ؛
أبعاد الوعاء 24 سم.
650 07 - المدخل الاضافى بالموضوع-مصطلح موضوعى
مصدر الرأس أو المصطلح qrmak
مصطلح موضوعي البيانو
651 ## - المدخل الاضافى بالموضوع - اسم جغرافى
مصدر الرأس أو المصطلح qrmak
942 ## - عناصر المدخل الإضافي( كوها)
مصدر التصنيف او مخطط الترفيف Dewey Decimal Classification
Koha [default] item type كتاب
260 ## - PUBLICATION, DISTRIBUTION, ETC. (IMPRINT)
-- القاهرة :
Holdings
حالة التراجع حالة الفقد حالة تلف ليس للاعارة المكان المؤقت الموقع الحالى تاريخ الاكتساب اجمالي اﻻعارات رقم الطلب الباركود تاريخ اخر مشاهدة تاريخ تفعيل السعر نوع وعاء كوها
        مكتبة القاهرة الكبرى مكتبة القاهرة الكبرى 04/10/2019   786.2 / هـ د 165774 04/10/2019 04/10/2019 كتاب

Powered By

EGPV